Desarrollo del pensamiento en el escolar
Saved in:
| Main Author: | |
|---|---|
| Format: | Book |
| Language: | Spanish |
| Published: |
Ciudad de México
Grijalbo
1968
|
| Series: | Colección Pedagógica
|
| Subjects: | |
| Tags: |
Add Tag
No Tags, Be the first to tag this record!
|
MARC
| LEADER | 00000nam a2200000 a 4500 | ||
|---|---|---|---|
| 001 | UCW6901 | ||
| 003 | CL-VaPUC | ||
| 008 | 920702e19680000MX |||||||||||||||||spa|d | ||
| 082 | 0 | 4 | |a 370.15 |b SHA |2 21 |
| 100 | 0 | |a Shardakov, M. N |e author |9 311980 | |
| 245 | 1 | 0 | |a Desarrollo del pensamiento en el escolar |
| 300 | |a 300 p | ||
| 942 | |c BK | ||
| 945 | |d 19920702 00:00:00 | ||
| 260 | |a Ciudad de México |b Grijalbo |c 1968 | ||
| 650 | 0 | |a Psicología del aprendizaje |9 306854 | |
| 583 | |a last modification |c 19920702 00:00:00 |k Rodrigo Vera | ||
| 490 | 0 | |a Colección Pedagógica | |
| 999 | |c 219807 |d 219805 | ||
| 952 | |0 0 |1 0 |4 0 |6 370_150000000000000_SHA_1968 |7 0 |8 P |9 211166 |a BIBEDU |b BIBEDU |c BIBEDU_PB |d 2019-11-15 |i 2794179 |o 370.15 SHA 1968 |p 2794179 |r 2024-01-25 |w 2019-11-15 |y BK |k EDU | ||